| 000 | 00519cam a2200169 i 4500 | ||
|---|---|---|---|
| 020 | _a0710003552 (pbk.) : | ||
| 082 | 0 | 0 |
_a297.4 _bARA _cL-31,P-73 |
| 100 | 1 |
_aArasteh, A. Reza. _937402 |
|
| 245 | 1 | 0 |
_aGrowth to selfhood : _bthe Sufi contribution / _cA. Reza Arasteh. |
| 260 |
_aLondon ; _aBoston : _bRoutledge & Kegan Paul, _c1980. |
||
| 300 |
_axii, 145 p. ; _c22 cm. |
||
| 526 |
_a0 _b0 _c0 _d297_400000000000000_ARA |
||
| 650 | 0 |
_aMCE _9379 |
|
| 650 | 0 | _aSelf realization. | |
| 650 | 0 |
_aSufism. _96129 |
|
| 942 |
_2ddc _cBK |
||
| 999 |
_c542275 _d542275 |
||